000 00377nam a2200169Ia 4500
005 20250411054721.0
008 240331s9999 xx 000 0 und d
020 _a9552088925
082 _bPER
_a891
100 _aPerera,K
245 0 _aKanduyaya nisalayi
250 _a2nd
260 _aColombo
_bGodake & Sons
_c2006
300 _a256 p .,
650 _aNovel
942 _cL
999 _c5327
_d5327